Indian literature in english / (Record no. 135005)

MARC details
000 -LEADER
fixed length control field 00694nam a22002297a 4500
005 - DATE AND TIME OF LATEST TRANSACTION
control field 20170124110238.0
010 ## - LIBRARY OF CONGRESS CONTROL NUMBER
LC control number A-473312
020 ## - INTERNATIONAL STANDARD BOOK NUMBER
Terms of availability 00.00
International Standard Book Number 0562494751
035 ## - SYSTEM CONTROL NUMBER
System control number A-473312
037 ## - SOURCE OF ACQUISITION
Source of stock number/acquisition Cen Lib/Ret
040 ## - CATALOGING SOURCE
Original cataloging agency DPL
Language of cataloging EN
082 ## - DEWEY DECIMAL CLASSIFICATION NUMBER
Classification number 820
Item number WAL
100 ## - MAIN ENTRY--PERSONAL NAME
Personal name Walsh, William
9 (RLIN) 92809
245 ## - TITLE STATEMENT
Title Indian literature in english /
Statement of responsibility, etc by William Walsh
260 ## - PUBLICATION, DISTRIBUTION, ETC. (IMPRINT)
Place of publication, distribution, etc London
Name of publisher, distributor, etc Longman Group
Date of publication, distribution, etc 1990
270 ## - ADDRESS
Address Longman house, burtn mill, Harlow
City London
300 ## - PHYSICAL DESCRIPTION
Extent xi, 219p.
Dimensions 21cm.
500 ## - GENERAL NOTE
General note Includes index
650 ## - SUBJECT ADDED ENTRY--TOPICAL TERM
Topical term or geographic name as entry element Indian literature (English) -- History and criticism
9 (RLIN) 92810
650 ## - SUBJECT ADDED ENTRY--TOPICAL TERM
Topical term or geographic name as entry element Indian literature
9 (RLIN) 92811
942 ## - ADDED ENTRY ELEMENTS (KOHA)
Source of classification or shelving scheme Dewey Decimal Classification
Koha item type English Books
Classification part 820
Call number suffix WAL
Holdings
Withdrawn status Lost status Damaged status Not for loan Home library Current library Date acquired Source of acquisition Cost, normal purchase price Total Checkouts Full call number Barcode Date last seen Copy number Cost, replacement price Price effective from Koha item type
        Central Library Central Library 29/09/2015 Cen Lib/Ret 0.00   820 WAL A-473312 29/09/2015 1 820.00 29/09/2015 English Books

© Delhi Public Library
Hit Counter
free hit counter